| 000 | 00848cam a22002531 4500 | ||
|---|---|---|---|
| 001 | f 01003463 | ||
| 003 | DLC | ||
| 005 | 20260227111246.0 | ||
| 008 | 810122s1897 fr ac 000 0 fre | ||
| 010 | _af 01003463 | ||
| 035 | _a(OCoLC)7076526 | ||
| 040 |
_aDLC _cOCl _dOCoLC _dDLC |
||
| 042 | _apremarc | ||
| 050 | 0 | 0 |
_aND541 _b.M3 |
| 100 | 1 |
_aMantz, Paul, _d1821-1895. |
|
| 245 | 1 | 3 |
_aLa peinture française du IXe siècle à la fin du XVIe, _cpar Paul Mantz; avec une introduction par Olivier Merson |
| 260 |
_aParis, _bL.H. May _c[1897] |
||
| 300 |
_a288 p. _billus. (incl. ports.) _c21 cm. |
||
| 490 | 0 | _aBibliothèque de l'enseignement des beaux-arts | |
| 500 | _aSeries title also at head of t.-p. | ||
| 500 | _aAdded t.-p., with ornamental border. | ||
| 650 | 0 |
_aPainting _zFrance _xHistory. |
|
| 700 | 1 |
_aMerson, Olivier, _d1822-1902. |
|
| 999 |
_c23092 _d23092 |
||